000 01065nam0a2200313 4500
001 RU\NLR\bibl\529461
005 20260406132537.0
010 _a5-9533-0190-1
_bВече
010 _a5-17-022811-2
_97000
_bАСТ
021 _aRU
_b2004-29350
_91482
035 _a(NLR Aleph) 000521793
090 _a1297874
_c1297874
100 _a20040615d2004 |||y0rusy50 ca
101 0 _arus
102 _aRU
105 _aa |||||||||
200 1 _aКаторга
_aБогатство
_e[Романы]
_fВалентин Пикуль
_g[Коммент. А. И. Пикуль
_gХудож. С. С. Слесарев]
210 _aМ.
_cАСТ
_cВече
_d2004
215 _a701, [1] с., [8] л. ил.
_d21
686 _aШ6(2=Р)75-442
700 1 _4070
_8rus
_7ca
_aПикуль
_bВ. С.
_f1928-1990
_gВалентин Саввич
_3RU\NLR\AUTH\771913
_9111930
702 1 _aСлесарев
_bС. С.
_4040
801 0 _aRU
_bNLR
_c20040615
_gPSBO
801 1 _aRU
_bNLR
_c20040615
942 _cBOOK
980 _aNB